Normal view MARC view
  • Supervisor:Engr. Prof. Dr Arshad Hussain

Entry Personal Name

Number of records used in: 1

001 - CONTROL NUMBER

  • control field: 123501

003 - CONTROL NUMBER IDENTIFIER

  • control field: NUST

005 - DATE AND TIME OF LATEST TRANSACTION

  • control field: 20240612103056.0

008 - FIXED-LENGTH DATA ELEMENTS

  • fixed length control field: 240612|| aca||aabn | a|a d

040 ## - CATALOGING SOURCE

  • Original cataloging agency: NUST
  • Transcribing agency: NUST

100 ## - HEADING--PERSONAL NAME

  • Personal name: Supervisor:Engr. Prof. Dr Arshad Hussain

670 ## - SOURCE DATA FOUND

  • Source citation: Work cat.: (NUST): Naeem, Khalid 55028, Design and Development of Non-initiating Precursor for Tandem Warhead Against Explosive Reactive Armour/
© 2023 Central Library, National University of Sciences and Technology. All Rights Reserved.